000 00629na a2200229 4500
001 23561
003 MIRAKIL
005 20181213155303.0
008 180110b tu 000 0
040 _aMilas
_btur
_cTR-AnCHP
041 _atur
082 _a320.9561
_bA72k 2014
090 _a320.9561 A72k 2014
100 _aAtan, Atila
245 _aKürdistan'ı Erdoğan kuruyor
_cAtila Atan
260 _aİstanbul
_b[yayl.y.]
_c2014
300 _a32 s.
_c29 sm.
600 _aErdoğan, Recep Tayyip
_xDavalar
600 _aErdoğan, Recep Tayyip
_xSiyaset
650 _aTürkiye
_xSiyasal yaşam, 2014
942 _2dcc
_cBKS
999 _c9970
_d9970